| 000 | 01677nam a2200253 a 4500 | ||
|---|---|---|---|
| 001 | 000003033 | ||
| 003 | DO-SdBNP | ||
| 005 | 20240530073910.0 | ||
| 008 | 090706s2008 dr 000 f spa d | ||
| 020 | _a994516032X | ||
| 040 |
_aDO-SdBNP _bspa _cBNPHU |
||
| 082 |
_aRD863.44 _bJ58m, 2008 |
||
| 100 | 1 |
_aJesús Ulerio, Luis Felipe de, _d1970- _91334 |
|
| 245 | 1 | 3 |
_aEl misterio del espíritu del río : _b(mitos, leyendas y la historia dominicana en una breve novela) / _cLuis Felipe de Jesús Ulerio. |
| 250 | _a5a ed. | ||
| 260 |
_aSanto Domingo : _bBúho, _c2008. |
||
| 300 |
_a186 p. ; _c22 cm. |
||
| 505 | 0 | _aEl naufragio -- Encuentro con el espíritu del río -- El bacá -- España en el siglo XV -- Lemba y Enriquillo -- La ciguapa -- La botija del difunto Antón -- El contrabando -- Las devastaciones de Osorio -- Los dos Santo Domingo -- La jupía -- El brujo -- El galipote, -- Enrique, el galipote -- Mal de ojo -- Yo también estaba soñando -- La Independencia haitiana -- Independencia Efímera -- Juan Pablo Duarte -- La Trinitaria -- La Independencia Nacional -- La primera República -- La constitución de la República -- La Anexión y la Restauración -- La Segunda República -- Catalepsia -- Un pacto con el diablo -- Primera Ocupación Militar Norteamericana -- Papá Liborio -- La Dictadura de Trujillo -- Juan Bosch -- La masacre de Palma Sola -- Del Triunvirato a los Doce Años -- El misterio del espíritu del río -- El pacto con el espíritu del río. | |
| 590 | _aInventariado, 2020/BT | ||
| 650 | 1 | 0 |
_aNovela dominicana _9223 |
| 650 | 1 | 0 |
_aLiteratura dominicana. _967 |
| 910 | _aValidado. Control de calidad MMOLINA | ||
| 942 |
_2ddc _cLBS1 |
||
| 999 |
_c2864 _d2864 |
||